Регионална библиотека "Любен Каравелов" - Русе

Рецептите на Петър Димков (Запис номер 80410)

MARC детайли
000 -Лидер
Контролно поле с фиксирана дължина 01754nam a2200433 c 4500
003 - Код на организацията, давaща контролен номер
Контролно поле BLK
005 - Дата и час на последна редакция
Контролно поле 20240716092748.0
008 - Елементи от данни с фиксирана дължина
fixed length control field 180408b bul|||||r ||||||| ||bul||
010 ## - Наследен системен номер
LC control number KNG00084896000
040 ## - Източник на каталожния запис
Идентификатор на билиотеката - собственик на записа BLK
041 ## - Код за език
Код за езика на текст/звукозапис или на отделно заглавие Български
Код за езика КДБФ Български
072 #7 - Код за тематичната категория
Код организация bullib
Код за тематична категория Л01
Текст Заболявания
080 ## - УДК
Текстов определител УДК Гинекология. Акушерство. Използват се спец. опред. към 616 (-001/-009;-01/-09;-7)
УДК код - определител по УДК 618
УДК определител (02.062)
УДК - код + определител 618(02.062)
080 ## - УДК
Текстов определител УДК Народна медицина. Лечение с домашни средства
УДК код - определител по УДК 615.89
УДК определител (497.2)(083.1)
УДК - код + определител 615.89(497.2)(083.1)
100 1# - Редна дума - Автор
Автор Димков, Петър Иванов
Авторска отговорност първи автор
R(LIN) 364156
139 ## - Редно поле
Редна дума Димков, Петър Иванов
Авторски знак Димк - Д 59
245 10 - Сведения за заглавието
Заглавие Рецептите на Петър Димков
Подзаглавни данни За жената
Редно поле (дума) Петър Иванов Димков.
257 ## - Страна на издаване
Страна на създаване/издаване България
260 ## - Област на издателските данни
-- София
Име на издателя, разпространителя и проч. в. 24 часа
Година на издаване 2008
Печатница Пловдив : Багра
300 ## - Физическа характеристика
Страници 94 с.
Размери/Мащаб 21 см
380 ## - Жанр
Жанр Медицина
490 1# - СЕРИИ (Колекции)
Име на серия Докторе, кажи!
490 1# - СЕРИИ (Колекции)
-- Подсерия
Име на серия 500 билки за 50 болести
№: серия 10
500 ## - Общи забележки
Забележка ISSN 0861-4067
650 #4 - Допълнително описание по предмет – тема
Основно описание – тема или топоним Полови органи, женски - болести
9 (RLIN) 245139
650 #4 - Допълнително описание по предмет – тема
Основно описание – тема или топоним Бременност
9 (RLIN) 149171
650 #4 - Допълнително описание по предмет – тема
Основно описание – тема или топоним Народна медицина - България - рецепти
9 (RLIN) 245889
653 ## - Ключова дума – ненормативна
Ключова дума народна медицина
653 ## - Ключова дума – ненормативна
Ключова дума жени
653 ## - Ключова дума – ненормативна
Ключова дума болести
653 ## - Ключова дума – ненормативна
Ключова дума наръчници
659 ## - Тематичен бюлетин
Тематичен бюлетин Л
852 ## - Местоположение
Форматна сигнатура Цб 240788
856 4# - Електронен адрес и достъп
Електронен формат pdf - файл
Път до файла /url/
856 4# - Електронен адрес и достъп
Електронен формат pdf - файл
Път до файла /url/
942 ## - АРТИКУЛИ
Вид на библиотечния материал Книги
Скрит в OPAC Не
Koha issues (borrowed), all copies 5
944 ## - СЪЗДАВАНЕ И РЕДАКЦИЯ на ЗАПИСА
Създаване/Редакция Създаване
Дата на регистрацията/редакция 19.08.2008
Служител, извършил регистрацията/редакцията 30542
Статус, дата на статуса Русанова Ирена
944 ## - СЪЗДАВАНЕ И РЕДАКЦИЯ на ЗАПИСА
Създаване/Редакция Редакция
Дата на регистрацията/редакция 23.07.2012
Служител, извършил регистрацията/редакцията
999 ## - СИСТЕМНИ КОНТРОЛНИ НОМЕРА
Koha biblionumber 80410
Koha biblioitemnumber 80410
Наличности
Код за отписване Код за изгубен артикул Код за повреда Коз за рестрикции Код за отдаване Артикулен № Име на библиотеката - собственик Име на библиотеката, в която се намира в момента Статус (Текущо местоположение) Дата на вписване в системата Местоположение - отдел Цена в лева Инвентарен номер Систематично азбучна сигнатура Баркод Номер на екземпляра Цена в евро Служебна бележка Служебен тип на артикула Източник на класификационната схема
  Не е изгубен Не е повреден без рестрикции заемане за дома 130381 Регионална библиотека "Любен Каравелов" Русе Регионална библиотека "Любен Каравелов" Русе Заемна - подръчен фонд 2008-08-19 Заемна - подръчен фонд 2.70 120000728083 П 615.89/Д 59 120000728083 1 1.38 Дост: Pk Вид: Ф N: 240 Дата: 12.08.2008 Дата инв: 06.02.2018 Бележки инв: П2018 Книги  
  Не е изгубен Не е повреден без рестрикции ползва се в читалня 130382 Регионална библиотека "Любен Каравелов" Русе Регионална библиотека "Любен Каравелов" Русе Хранилище 2009-03-09 Хранилище 2.70 120000734018 Цб 240788 120000734018 2 1.38 Дост: Dp Вид: Д N: 40 Дата: 17.09.2008 Книги  
  Не е изгубен Не е повреден без рестрикции заемане за дома 130383 Регионална библиотека "Любен Каравелов" Русе Регионална библиотека "Любен Каравелов" Русе Заемна - подръчен фонд 2012-05-30 Заемна - подръчен фонд 2.70 120000757935 П 615.89/Д 59 120000757935 3 1.38 Дост: DA Вид: А N: 8 Дата: 28.05.2012 Книги Universal Decimal Classification
  Не е изгубен Не е повреден без рестрикции заемане за дома 130384 Регионална библиотека "Любен Каравелов" Русе Регионална библиотека "Любен Каравелов" Русе Заемна - подръчен фонд 2012-05-30 Заемна - подръчен фонд 2.70 120000757936 П 615.89/Д 59 120000757936 4 1.38 Дост: DA Вид: А N: 8 Дата: 28.05.2012 Дата инв: 05.02.2018 Бележки инв: П2018 Книги  
  Не е изгубен Не е повреден без рестрикции заемане за дома 130385 Регионална библиотека "Любен Каравелов" Русе Регионална библиотека "Любен Каравелов" Русе Заемна - подръчен фонд 2012-05-30 Заемна - подръчен фонд 2.70 120000757937 П 615.89/Д 59 120000757937 5 1.38 Дост: DA Вид: А N: 8 Дата: 28.05.2012 Дата инв: 02.02.2018 Бележки инв: П2018 Книги  
  Не е изгубен Не е повреден без рестрикции заемане за дома 130386 Регионална библиотека "Любен Каравелов" Русе Регионална библиотека "Любен Каравелов" Русе Заемна - подръчен фонд 2012-05-30 Заемна - подръчен фонд 2.70 120000757938 П 615.89/Д 59 120000757938 6 1.38 Дост: DA Вид: А N: 8 Дата: 28.05.2012 Дата инв: 05.02.2018 Бележки инв: П2018 Книги  
Изтеглен Не е изгубен Не е повреден без рестрикции заемане за дома 130387 Регионална библиотека "Любен Каравелов" Русе Регионална библиотека "Любен Каравелов" Русе Заемна - подръчен фонд 2012-05-30 Заемна - подръчен фонд 2.70 120000757939 П 615.89/Д 59 120000757939 7 1.38 Дост: DA Вид: А N: 8 Дата: 28.05.2012 Книги Universal Decimal Classification
Vip Innovations Ltd, Rousse, Bulgaria 2025